[Event "AUTO-MASTER-450"]
[Site "http://www.queenalice.com/game.php?id=435222"]
[Date "2008.7.18"]
[Round "2"]
[White "wbj07"]
[Black "patzfish"]
[Result "0-1"]
[WhiteElo "2017"]
[BlackElo "2186"]

1. e4 d6 2. d4 g6 3. c4 Bg7 4. Nc3 Nf6 5. Bd3 O-O 6. Nge2 c5 7. d5 e6 8. O-O
exd5 9. cxd5 Na6 10. Bxa6 bxa6 11. f3 Rb8 12. b3 a5 13. a4 Ba6 14. Bb2 Qb6 15.
Ra3 Nd7 0-1

[Event "AUTO-MASTER-450"]
[Site "http://www.queenalice.com/game.php?id=435223"]
[Date "2008.7.18"]
[Round "2"]
[White "patzfish"]
[Black "wbj07"]
[Result "1-0"]
[WhiteElo "2196"]
[BlackElo "1940"]

1. e4 e5 2. Nf3 Nc6 3. Bb5 a6 4. Ba4 d6 5. c3 Nf6 6. d4 b5 7. Bc2 g6 8. h3 Bb7
9. d5 Ne7 10. a4 Bg7 11. Qe2 c6 12. dxc6 Bxc6 13. O-O O-O 14. Rd1 Qc7 15. Nbd2
Nd7 16. Nf1 Nc5 17. axb5 axb5 18. Rxa8 Rxa8 19. Ng3 Rf8 20. Be3 Ne6 21. Qd2 Nc8
22. Bb3 Re8 23. Ne1 Qd7 24. f3 Rf8 25. Nc2 f5 26. Bf2 1-0

[Event "AUTO-MASTER-450"]
[Site "http://www.queenalice.com/game.php?id=435226"]
[Date "2008.7.18"]
[Round "2"]
[White "David33"]
[Black "patzfish"]
[Result "0-1"]
[WhiteElo "2359"]
[BlackElo "2197"]

1. e4 e5 2. Nf3 Nc6 3. d4 exd4 4. Nxd4 Nf6 5. Nxc6 bxc6 6. e5 Qe7 7. Qe2 Nd5 8.
c4 Nb6 9. Nc3 Qe6 10. Qe4 g6 11. Bd3 Bg7 12. f4 O-O 13. O-O Ba6 14. c5 Bxd3 15.
Qxd3 Nd5 16. Nxd5 Qxd5 17. Rd1 Qxd3 18. Rxd3 Rad8 19. Bd2 d5 20. cxd6 cxd6 21.
Ba5 Rb8 22. exd6 Bxb2 23. Rad1 Bf6 24. d7 Bd8 25. Bc3 f6 26. Kf2 Rb7 0-1

[Event "AUTO-MASTER-450"]
[Site "http://www.queenalice.com/game.php?id=435227"]
[Date "2008.7.18"]
[Round "2"]
[White "patzfish"]
[Black "David33"]
[Result "0-1"]
[WhiteElo "2202"]
[BlackElo "2431"]

1. e4 c5 2. Nf3 d6 3. d4 cxd4 4. Nxd4 Nf6 5. Nc3 e6 6. g4 h6 7. Bg2 Nc6 8. h3 a6
9. f4 Be7 10. Be3 O-O 11. Qe2 Nxd4 12. Bxd4 e5 13. Be3 exf4 14. Bxf4 Be6 15.
O-O-O Qb6 16. Bf3 Rac8 17. Nd5 Nxd5 18. exd5 Bf6 19. b3 Qb4 20. Bxd6 Qxd6 21.
dxe6 Qa3+ 22. Kd2 Rxc2+ 23. Kxc2 Qb2+ 0-1

[Event "AUTO-MASTER-450"]
[Site "http://www.queenalice.com/game.php?id=435228"]
[Date "2008.7.18"]
[Round "2"]
[White "Vikoerich"]
[Black "patzfish"]
[Result "0-1"]
[WhiteElo "2311"]
[BlackElo "2200"]

1. e4 e5 2. Nf3 Nc6 3. Bb5 Nf6 4. O-O Nxe4 5. d4 Nd6 6. Bxc6 dxc6 7. dxe5 Nf5 8.
Qxd8+ Kxd8 9. Rd1+ Ke8 10. b3 a5 11. Bf4 h6 12. Nc3 g5 13. Bc1 Bg7 14. Bb2 Be6
15. Ne4 g4 16. Ne1 Rd8 17. c4 b6 18. Nd3 Nd4 19. c5 Bf5 20. cxb6 Bxe4 21. bxc7
Ne2+ 22. Kf1 Rc8 23. Nc5 Bd5 24. Kxe2 Rxc7 25. Kf1 h5 26. Rd4 Bxe5 27. Re1 f6
28. Ra4 Ra7 29. Bxe5 fxe5 30. Rxe5+ Kf7 0-1

[Event "AUTO-MASTER-450"]
[Site "http://www.queenalice.com/game.php?id=435229"]
[Date "2008.7.18"]
[Round "2"]
[White "patzfish"]
[Black "Vikoerich"]
[Result "0-1"]
[WhiteElo "2215"]
[BlackElo "2305"]

1. e4 e5 2. Nf3 Nc6 3. Bb5 f5 4. d3 fxe4 5. dxe4 Nf6 6. O-O d6 7. Qd3 Bg4 8. Nc3
Be7 9. h3 Bxf3 10. Qxf3 O-O 11. Qd1 Qd7 12. Nd5 Kh8 13. Nxe7 Qxe7 14. Re1 Nd4
15. Bf1 Ne6 16. g3 Qf7 17. Bg2 Nc5 18. Bd2 a5 19. b3 b5 20. a3 c6 21. Bg5 Nfxe4
22. Bxe4 Nxe4 23. Rxe4 Qxf2+ 24. Kh1 Rf3 25. Bh4 Raf8 26. Re2 Qa7 27. Qg1 Qf7
28. Kh2 h6 29. g4 a4 30. b4 Qc4 31. Qg2 Qd4 32. Ra2 d5 33. Be1 e4 34. c3 Qe5+
35. Kg1 e3 36. Ra1 Qf4 0-1

[Event "AUTO-MASTER-471"]
[Site "http://www.queenalice.com/game.php?id=461065"]
[Date "2008.9.10"]
[Round "2"]
[White "patzfish"]
[Black "ramongarcia"]
[Result "1-0"]
[WhiteElo "2193"]
[BlackElo "2023"]

1. e4 e5 2. Nf3 Nc6 3. Bb5 a6 4. Ba4 Nf6 5. O-O Be7 6. Re1 b5 7. Bb3 O-O 8. h3
Bb7 9. d3 d6 10. a3 Na5 11. Ba2 1-0

[Event "AUTO-MASTER-471"]
[Site "http://www.queenalice.com/game.php?id=461069"]
[Date "2008.9.10"]
[Round "2"]
[White "patzfish"]
[Black "andrevillares"]
[Result "1-0"]
[WhiteElo "2206"]
[BlackElo "1991"]

1. e4 c6 2. d4 d5 3. exd5 cxd5 4. c4 Nf6 5. Nc3 Nc6 6. Bg5 dxc4 7. Bxc4 Qa5 8.
Qd2 Bf5 9. Nf3 Bg4 10. Nb5 Qxd2+ 11. Nxd2 O-O-O 12. Bxf7 a6 13. h3 axb5 14. hxg4
Nxd4 15. Rc1+ Kb8 16. Bf4+ Ka8 17. g5 Nd7 18. Bc7 Rc8 19. Nb3 e5 20. Kd1 Be7 21.
Nxd4 exd4 22. Be6 Bxg5 23. f4 Bd8 24. Bxd8 Rcxd8 25. Rc7 Nf6 26. Rxg7 Ne4 27.
Rhxh7 Rxh7 28. Rxh7 Nc5 29. Bf5 Rf8 30. g4 Na4 31. Rd7 Nxb2+ 32. Kc2 Nc4 33.
Rxd4 Ne3+ 34. Kd3 Nxf5 35. gxf5 Rxf5 36. Ke4 Rc5 37. f5 Rc2 38. f6 Rf2 39. Ke5
Kb8 40. Rf4 Re2+ 41. Kf5 Re8 42. f7 Rc8 43. Kg6 Ka7 44. f8=Q Rxf8 45. Rxf8 Ka6
46. Kf5 Ka5 47. Ke5 b4 48. Kd5 Kb5 49. Rf3 Ka4 50. Kc4 b5+ 51. Kc5 Ka5 52. Rf6
b3 53. axb3 b4 54. Rf7 Ka6 55. Re7 1-0

[Event "AUTO-MASTER-471"]
[Site "http://www.queenalice.com/game.php?id=461070"]
[Date "2008.9.10"]
[Round "2"]
[White "andrevillares"]
[Black "patzfish"]
[Result "0-1"]
[WhiteElo "2042"]
[BlackElo "2198"]

1. d4 Nf6 2. c4 e6 3. Nf3 c5 4. d5 exd5 5. cxd5 d6 6. Nc3 g6 7. e4 a6 8. Bg5 h6
9. Bh4 g5 10. Bg3 Nh5 11. Bd3 Nxg3 12. hxg3 Bg7 13. Qa4+ Bd7 14. Qc2 b5 15.
O-O-O Bg4 16. Rde1 c4 17. Bf1 Nd7 18. e5 dxe5 19. Nxe5 Nxe5 20. f4 O-O 21. fxe5
b4 22. Ne4 b3 23. axb3 cxb3 24. Qxb3 Bxe5 25. Rxh6 Rb8 26. Qe3 Bxb2+ 27. Kd2
Qxd5+ 28. Bd3 Qa5+ 29. Kc2 Rfc8+ 30. Kb1 Qa1# 0-1

[Event "AUTO-OPEN-937"]
[Site "http://www.queenalice.com/game.php?id=463740"]
[Date "2008.9.15"]
[Round "3"]
[White "patzfish"]
[Black "rsgaspar"]
[Result "1-0"]
[WhiteElo "2200"]
[BlackElo "1774"]

1. e4 e5 2. Nf3 Nc6 3. Bb5 d6 4. d4 exd4 5. Nxd4 Bd7 6. Nc3 Nxd4 7. Qxd4 c6 8.
Be2 Qf6 9. Qd3 Be7 10. Be3 b5 11. a3 Bd8 12. O-O-O Bc7 13. f4 d5 14. g3 Ne7 15.
exd5 Bf5 16. Qd4 Qxd4 17. Bxd4 O-O 18. Bc5 Rfe8 19. Bxe7 Rxe7 20. d6 Bxd6 21.
Rxd6 Rc8 22. Rhd1 g6 23. Bf3 Rec7 24. g4 Be6 25. Ne4 f5 26. Rxe6 Kf7 27. Ng5+
Kg7 28. Red6 h6 29. Ne6+ 1-0

[Event "AUTO-OPEN-937"]
[Site "http://www.queenalice.com/game.php?id=463741"]
[Date "2008.9.15"]
[Round "3"]
[White "rsgaspar"]
[Black "patzfish"]
[Result "0-1"]
[WhiteElo "1772"]
[BlackElo "2201"]

1. e4 e5 2. Nf3 Nc6 3. Bc4 Bc5 4. c3 Nf6 5. d3 a6 6. b4 Ba7 7. Qb3 O-O 8. O-O d6
9. h3 h6 10. Re1 Ne7 11. d4 Ng6 12. Bb2 Nh5 13. Bc1 Qf6 14. Be3 Bxh3 15. dxe5
dxe5 16. Bxa7 Rxa7 17. Re3 Bd7 18. Qd1 Rd8 19. Rd3 Nf8 20. Rd5 Nf4 21. Rd2 Raa8
22. Qc2 Nh7 23. Bf1 Ng5 24. Nxg5 Qxg5 25. Qd1 Nxg2 26. Bxg2 Bh3 27. Rxd8+ Rxd8
28. Qf3 Bxg2 29. Qxg2 Rd1+ 30. Kh2 Qh4+ 31. Qh3 Qxf2+ 32. Qg2 Qh4+ 33. Qh3 Rh1+
0-1

[Event "Challenge"]
[Site "http://www.queenalice.com/game.php?id=548183"]
[Date "2009.2.28"]
[Round "-"]
[White "Bobtzu"]
[Black "patzfish"]
[Result "0-1"]
[WhiteElo "2056"]
[BlackElo "2225"]

1. e4 e5 2. Nf3 Nc6 3. d4 exd4 4. Nxd4 Nf6 5. Nxc6 bxc6 6. e5 Qe7 7. Qe2 Nd5 8.
c4 Nb6 9. b3 a5 10. Bb2 a4 11. Ba3 Qg5 12. Bxf8 Qc1+ 13. Qd1 Qxd1+ 14. Kxd1 Rxf8
15. c5 Nd5 16. Bc4 axb3 17. Bxb3 Ra5 18. Bxd5 cxd5 19. Nc3 Rxc5 20. Kd2 d4 21.
Ne4 Rxe5 22. Kd3 c5 23. Rhe1 Ba6+ 24. Kd2 Kd8 25. Nd6 Rd5 26. Ne4 Kc7 27. f4 Rb8
28. Reb1 Rxb1 29. Rxb1 f5 30. Ng5 c4 31. Nf3 c3+ 32. Kd1 d3 33. Rb3 Rc5 34. Kc1
Bb7 35. Rxb7+ Kxb7 36. Ne5 Rxe5 37. fxe5 g5 0-1

[Event "Challenge"]
[Site "http://www.queenalice.com/game.php?id=569826"]
[Date "2009.4.10"]
[Round "-"]
[White "patzfish"]
[Black "Bobtzu"]
[Result "1-0"]
[WhiteElo "2226"]
[BlackElo "2073"]

1. e4 d5 2. exd5 Qxd5 3. Nc3 Qa5 4. d4 c6 5. Bc4 Bf5 6. Nf3 Nf6 7. Bd2 Qb6 8.
Qe2 Nbd7 9. O-O-O e6 10. Nh4 Bg4 11. f3 Bh5 12. g4 Bg6 13. g5 Nd5 14. Bxd5 cxd5
15. Nxg6 hxg6 16. Nxd5 Qd6 17. c4 O-O-O 18. Bf4 Qa6 19. Nc3 Nb6 20. b3 Qa3+ 21.
Kb1 Qb4 22. Nb5 a6 23. Qe5 Rd7 24. Qb8# 1-0

[Event "AUTO-ELITE-333"]
[Site "http://www.queenalice.com/game.php?id=580517"]
[Date "2009.4.30"]
[Round "1"]
[White "Plotnnikov"]
[Black "patzfish"]
[Result "1/2-1/2"]
[WhiteElo "2376"]
[BlackElo "2232"]

1. d4 Nf6 2. c4 g6 3. Nc3 Bg7 4. e4 d6 5. Nf3 O-O 6. Be2 e5 7. O-O Na6 8. Be3
Ng4 9. Bg5 Qe8 10. dxe5 dxe5 11. h3 f6 12. Bd2 Nh6 13. c5 Nxc5 14. Qc1 Nf7 15.
Nd5 Ne6 16. Nxc7 Nxc7 17. Qxc7 Nd8 18. Rfc1 Be6 19. b4 Rf7 20. Qa5 Nc6 21. Qa3
Bf8 22. Qb2 a6 23. a3 Rc8 24. Rc2 Na7 25. Rac1 Rxc2 26. Qxc2 1/2-1/2

[Event "AUTO-ELITE-333"]
[Site "http://www.queenalice.com/game.php?id=580518"]
[Date "2009.4.30"]
[Round "1"]
[White "patzfish"]
[Black "Plotnnikov"]
[Result "0-1"]
[WhiteElo "2233"]
[BlackElo "2368"]

1. e4 c5 2. Nf3 d6 3. d4 cxd4 4. Nxd4 Nf6 5. Nc3 a6 6. Bc4 e6 7. Bb3 b5 8. Bg5
Be7 9. Qf3 Qc7 10. e5 Bb7 11. exd6 Bxd6 12. Qe3 Bc5 13. O-O-O Nc6 14. Qxe6+ fxe6
15. Nxe6 Bd6 16. Nxc7+ Bxc7 17. Rhe1+ Ne7 18. Nd5 Bxd5 19. Bxd5 Rd8 20. Bb7
Rxd1+ 21. Kxd1 Kd7 22. Bxa6 Rb8 23. Re3 Rb6 24. Ra3 Ned5 25. Ra5 Rd6 0-1

[Event "AUTO-ELITE-333"]
[Site "http://www.queenalice.com/game.php?id=580521"]
[Date "2009.4.30"]
[Round "1"]
[White "Sidinei"]
[Black "patzfish"]
[Result "1-0"]
[WhiteElo "2480"]
[BlackElo "2234"]

1. e4 e5 2. Nf3 Nc6 3. Bb5 a6 4. Bxc6 dxc6 5. O-O f6 6. d4 Bg4 7. c3 Bd6 8. h3
Bh5 9. Be3 Ne7 10. dxe5 fxe5 11. Nbd2 O-O 12. Qb3+ Bf7 13. c4 h6 14. Qc3 Ng6 15.
c5 Be7 16. Nc4 Bxc4 17. Qxc4+ Kh7 18. Rfd1 Qc8 19. Kh2 Bf6 20. Rac1 Qe8 21. g3
Rf7 22. Kg2 Rd7 23. Nh2 Rad8 24. Rxd7 Qxd7 25. Ng4 Qe7 26. Qb3 Rb8 27. Rd1 h5
28. Nxf6+ gxf6 29. Qd3 Nf8 30. f4 Ne6 31. fxe5 fxe5 32. Rf1 Ng7 33. Qb3 Kg6 34.
h4 Ne6 35. Rf5 1-0

[Event "AUTO-ELITE-333"]
[Site "http://www.queenalice.com/game.php?id=580522"]
[Date "2009.4.30"]
[Round "1"]
[White "patzfish"]
[Black "Sidinei"]
[Result "0-1"]
[WhiteElo "2239"]
[BlackElo "2472"]

1. e4 e5 2. Nf3 Nc6 3. Bb5 g6 4. d4 exd4 5. Bg5 Be7 6. Bxe7 Ngxe7 7. Nxd4 a6 8.
Bxc6 Nxc6 9. Nxc6 dxc6 10. Qxd8+ Kxd8 11. Nc3 Be6 12. O-O-O+ Ke7 13. Rd2 Rhd8
14. Rhd1 Rd6 15. e5 Rxd2 16. Rxd2 Bf5 17. f4 h5 18. Nd1 f6 19. Ne3 fxe5 20.
Nxf5+ gxf5 21. fxe5 Rg8 22. h3 Ke6 23. Re2 Rg5 24. Kd2 f4 25. Rf2 Kxe5 26. Ke2
Rg3 27. Kf1 f3 28. gxf3 Kf4 29. Rd2 Rxh3 30. Rd7 Rh2 31. Rxc7 Rxc2 32. Rxb7 h4
33. Rh7 Kxf3 34. Rf7+ Kg3 35. Rg7+ Kh2 36. Ra7 Rxb2 37. Rxa6 c5 38. Rc6 Kg3 39.
Rxc5 Rb1+ 40. Ke2 h3 0-1

[Event "AUTO-OPEN-934"]
[Site "http://www.queenalice.com/game.php?id=617148"]
[Date "2009.7.11"]
[Round "3"]
[White "Chris93"]
[Black "patzfish"]
[Result "0-1"]
[WhiteElo "1944"]
[BlackElo "2211"]

1. e4 c5 2. c3 Nf6 3. e5 Nd5 4. d4 cxd4 5. Nf3 d6 6. cxd4 Nc6 7. Bc4 e6 8. Qe2
Be7 9. O-O O-O 10. Nc3 Nxc3 11. bxc3 dxe5 12. Nxe5 Nxe5 13. dxe5 Qc7 14. Qe4 Bd7
15. Bd3 g6 16. Bb2 Bc6 17. Qe3 Rfd8 18. Rad1 Rd5 19. c4 Bc5 20. Qf4 Rd7 21. Bc1
Rad8 22. Bc2 Bd4 23. Rfe1 Bxe5 24. Qe3 Bd4 25. Qh6 Bg7 26. Qg5 Rxd1 27. Bxd1 Qd7
28. Be2 Qe8 29. Be3 b6 30. Rc1 Rd7 31. c5 b5 32. h3 Qd8 33. a3 Qxg5 34. Bxg5 Bb2
35. Rb1 Bxa3 36. Bxb5 Rb7 37. Bd3 Rxb1+ 38. Bxb1 Bxc5 39. Bf6 h5 40. Bd3 a5 41.
Kf1 a4 42. g4 hxg4 43. hxg4 Bf3 44. g5 a3 45. Bb1 Bd5 46. f4 a2 47. Bxa2 Bxa2
48. Ke2 Kf8 49. Kd3 Ke8 50. Bd4 Bxd4 51. Kxd4 Ke7 52. Ke5 Bb1 53. Kd4 Kd6 0-1

[Event "AUTO-OPEN-934"]
[Site "http://www.queenalice.com/game.php?id=617149"]
[Date "2009.7.11"]
[Round "3"]
[White "patzfish"]
[Black "Chris93"]
[Result "1-0"]
[WhiteElo "2231"]
[BlackElo "2086"]

1. e4 d5 2. exd5 Nf6 3. Bb5+ Bd7 4. Be2 Nxd5 5. d4 e6 6. Nf3 Bd6 7. O-O Nc6 8.
Re1 Qf6 9. Bf1 O-O 10. Bg5 Qg6 11. c4 Nf6 12. Nc3 Ng4 13. Qd2 h6 14. Bh4 Rfe8
15. h3 Nf6 16. Ne5 Nxe5 17. dxe5 Ne4 18. Rxe4 Bc6 19. Rg4 1-0

[Event "AUTO-OPEN-934"]
[Site "http://www.queenalice.com/game.php?id=617150"]
[Date "2009.7.11"]
[Round "3"]
[White "Vikoerich"]
[Black "patzfish"]
[Result "1-0"]
[WhiteElo "2290"]
[BlackElo "2229"]

1. e4 c5 2. Nf3 e6 3. d4 cxd4 4. Nxd4 Nf6 5. Nc3 Nc6 6. Ndb5 d6 7. Bf4 e5 8. Bg5
a6 9. Na3 b5 10. Bxf6 gxf6 11. Nd5 Bg7 12. Bd3 Ne7 13. Nxe7 Qxe7 14. c4 f5 15.
O-O O-O 16. cxb5 d5 17. exd5 e4 18. Qe2 Qe5 19. Bc4 Qxb2 20. Nc2 axb5 21. Rab1
Qf6 22. Rxb5 Ba6 23. Rc5 Rfc8 24. Rxc8+ Bxc8 25. Rd1 f4 26. d6 Bb7 27. Qg4 Rd8
28. d7 Bc6 29. Nb4 Ba4 30. Bb3 Bxb3 31. axb3 Qb6 32. Qg5 e3 33. Nc6 1-0

[Event "AUTO-OPEN-934"]
[Site "http://www.queenalice.com/game.php?id=617151"]
[Date "2009.7.11"]
[Round "3"]
[White "patzfish"]
[Black "Vikoerich"]
[Result "0-1"]
[WhiteElo "2219"]
[BlackElo "2338"]

1. e4 c6 2. d4 d5 3. exd5 cxd5 4. c4 e6 5. Nc3 Nf6 6. Nf3 Nc6 7. c5 Be7 8. Bb5
Bd7 9. O-O O-O 10. Re1 Qc7 11. Bg5 b6 12. Bxc6 Bxc6 13. b4 Ne4 14. Bxe7 Nxc3 15.
Qb3 Ba4 16. Qxc3 Qxe7 17. Ne5 bxc5 18. bxc5 Qc7 19. Rab1 f6 20. Nd3 Rfe8 21. f4
Rab8 22. g3 Bb5 23. Rbd1 Bc4 24. Rd2 Qf7 25. Rde2 Kh8 26. Rb2 Rbc8 27. a3 Kg8
28. Reb1 Qg6 29. Nf2 e5 30. fxe5 fxe5 31. dxe5 Rxc5 32. Qd4 Rcc8 33. Rb7 a6 34.
Nh3 Qe6 35. Nf4 Qxe5 36. Qxe5 Rxe5 37. Rd7 g5 38. Nh5 Rf8 39. g4 Bb5 40. Ra7 d4
41. a4 d3 42. axb5 d2 0-1

[Event "Challenge"]
[Site "http://www.queenalice.com/game.php?id=624087"]
[Date "2009.7.24"]
[Round "-"]
[White "Vader1d4"]
[Black "patzfish"]
[Result "1/2-1/2"]
[WhiteElo "2073"]
[BlackElo "2236"]

1. c4 Nf6 2. g3 g6 3. Bg2 Bg7 4. Nc3 O-O 5. d3 d6 6. Qb3 c6 7. e4 e5 8. Nge2
Nbd7 9. O-O Nc5 10. Qc2 a5 11. d4 exd4 12. Nxd4 Re8 13. Bg5 h6 14. Bxf6 Bxf6 15.
Rad1 Bg7 16. h3 Qc7 17. Rfe1 Ne6 18. Nf3 Nc5 19. Nd4 1/2-1/2